U.S States Beginning With Vowels - Statistics

General Stats
  • This quiz has been taken 182 times
  • The average score is 11 of 12
Answer Stats
Letter Answer % Correct
I Indiana
96%
O Ohio
94%
U Utah
94%
A Alaska
92%
A Arkansas
92%
A Alabama
91%
I Idaho
91%
O Oregon
90%
I Iowa
88%
A Arizona
85%
I Illinois
85%
O Oklahoma
84%
No matching quizzes found
Score Distribution
Percent of People with Each Score
Percentile by Number Answered
Your Score History
You have not taken this quiz